| 000 | 00886na a2200301 4500 | ||
|---|---|---|---|
| 001 | 24588 | ||
| 003 | MIRAKIL | ||
| 005 | 20181226104233.0 | ||
| 008 | 181214b tu 000 0 | ||
| 020 | _a9757850063 | ||
| 035 | _a13554 | ||
| 041 | _atur | ||
| 082 |
_a324.2172 _bE64s 1994 |
||
| 090 | _a324.2172 E64s 1994 | ||
| 100 | _aErkoca, Yurdagül | ||
| 245 |
_aSiyasette 2. İnönü'lü yıllar _cYurdagül Erkoca |
||
| 260 |
_aAnkara _bSosyal Demokrasi Yayınları _c1994 |
||
| 300 |
_a71 s. _c18 sm. |
||
| 600 |
_aİnönü, Erdal _d1926 - 2007 _xSiyaset ve yönetim |
||
| 610 | _aSHP | ||
| 610 | _aCHP | ||
| 650 |
_aDevlet adamları _xSiyaset ve yönetim _zTürkiye |
||
| 650 |
_aSiyasal partiler _xSHP _zTürkiye |
||
| 651 |
_aTürkiye _xSiyasal tarih _y1980- |
||
| 651 |
_aTürkiye _xSiyaset ve yönetim _y1980- |
||
| 942 |
_2ddc _cBKS |
||
| 040 |
_aMilas _btur _cTR-AnCHP |
||
| 999 |
_c11770 _d11770 |
||